O dia em que a mata desapareceu (Registo nº 3741)

Detalhes MARC
000 -Etiqueta do registo
Cabeçalho 00562nam0a22002291 4500
005 - Identificador da versão
Campo de controlo 20240813122041.0
010 ## - Número internacional normalizado dos livros (ISBN)
Número (ISBN) 9789895574339
021 ## - Número do Depósito Legal
Código do país PT
Número 261 563/07
100 ## - Dados gerais de processamento
Dados gerais de processamento 20081216d2007 a e0pory5003 ba
102 ## - Pais de publicação ou produção
País de publicação Portugal
101 0# - Língua de publicação
Língua do texto, banda sonora, etc. Português
106 ## - Campo de dados codificados: material textual
Dados codificados do material textual r
105 ## - Campo de dados codificados: livros
Dados codificados dos livros y z 001yy
215 ## - Descrição física 
Indicação específica da natureza do documento e extensão da espécie p.
Dimensões cm
200 1# - Titulo e menção de responsabilidade
Título próprio O dia em que a mata desapareceu
Primeira menção de responsabilidade José Fanha
Outras menções de responsabilidade il. Maria João Gromicho
205 ## - Menção da edição
Menção da edição 2ª edição
210 ## - Publicação, Distribuição, etc. 
Lugar da edição, distribuição, etc. Vila Nova de Gaia
Nome do editor, distribuidor, etc. Gailivro
Data da publicação, distribuição, etc. 2007
942 ## - Elementos de entrada adicionados (Koha)
Tipo de item no Koha Livro
Exemplares
Situação do levantamento Origin of item (home branch) (coded) Biblioteca de empréstimo Código de barras Cota Circulation type (not for loan) Tipo de documento Nota do exemplar Damaged status
  Biblioteca Escolar das Vendas Biblioteca Escolar das Vendas BEV1939 8POR FAN   Livro Sem mensagem